| 000 -LEADER |
| fixed length control field |
00865nam a22001577a 4500 |
| 003 - CONTROL NUMBER IDENTIFIER |
| control field |
OSt |
| 005 - DATE AND TIME OF LATEST TRANSACTION |
| control field |
20151001154323.0 |
| 008 - FIXED-LENGTH DATA ELEMENTS--GENERAL INFORMATION |
| fixed length control field |
151001b xxu||||| |||| 00| 0 eng d |
| 040 ## - CATALOGING SOURCE |
| Transcribing agency |
RUA |
| 082 ## - DEWEY DECIMAL CLASSIFICATION NUMBER |
| Classification number |
AGR LAY 2012 B050 Or.1 |
| 100 ## - MAIN ENTRY--PERSONAL NAME |
| 9 (RLIN) |
1696 |
| Personal name |
LAY, SOPEARY |
| 245 ## - TITLE STATEMENT |
| Title |
Effect of weed condition methods on ir66 rice variety under dry season condition in osaray commune, tram kok district, takeo province, ប្រសិទ្ទភាពនៃវិធីសាស្ត្រកំចាត់រុក្ខជាតិចង្រៃលើដំណាំស្រូវអ៊ីអ៊ែរ៦៦លក្ខខណ្ឌរដូវប្រាំងនៅឃុំអូរសារាយ ស្រុកត្រាំកក់ ខេត្តតាកែរ |
| 260 ## - PUBLICATION, DISTRIBUTION, ETC. (IMPRINT) |
| Place of publication, distribution, etc. |
Phnom Penh |
| Name of publisher, distributor, etc. |
RUA |
| Date of publication, distribution, etc. |
2012 |
| 300 ## - PHYSICAL DESCRIPTION |
| Extent |
xi; 56p. |
| Other physical details |
ill. |
| Dimensions |
29cm. |
| 942 ## - ADDED ENTRY ELEMENTS (KOHA) |
| Source of classification or shelving scheme |
|
| Koha item type |
AGR |